000 00811cam a22002773a 4500
001 9051
003 PGUSA
005 20140828083207.0
008 051001s2005||||xxu|||||s|||||000 1 eng d
040 _aPGUSA
_beng
042 _adc
050 4 _aPG
100 1 _aArtsybashev, M.
_q(Mikhail),
_d1878-1927
245 1 0 _aSanine
_h[electronic resource] /
_cM. Artsybashev
260 _bProject Gutenberg,
_c2005
506 _aPublic domain in the USA.
516 _aElectronic text
653 _aRussia -- Social life and customs -- 20th century -- Fiction
653 _aMen -- Russia -- Fiction
700 1 _aCannan, Gilbert,
_d1884-1955
700 1 _aPinkerton, Percy
740 0 _aSanin. English
830 0 _aProject Gutenberg
_v9051
856 4 0 _uhttp://www.gutenberg.org/ebooks/9051
942 _cEB
999 _c238335
_d238335